Life in Christ: (Record no. 3996)

MARC details
000 -LEADER
fixed length control field 00549nam a22001937a 4500
003 - CONTROL NUMBER IDENTIFIER
control field GBCCL
005 - DATE AND TIME OF LATEST TRANSACTION
control field 20241126110508.0
008 - FIXED-LENGTH DATA ELEMENTS--GENERAL INFORMATION
fixed length control field 171220b xxu||||| |||| 00| 0 eng d
020 ## - INTERNATIONAL STANDARD BOOK NUMBER
International Standard Book Number 0963505513
040 ## - CATALOGING SOURCE
Transcribing agency gbc
082 ## - DEWEY DECIMAL CLASSIFICATION NUMBER
Classification number 920
Item number DUD
100 ## - MAIN ENTRY--PERSONAL NAME
Personal name Duduman, Dumitru
9 (RLIN) 7757
245 ## - TITLE STATEMENT
Title Life in Christ:
Remainder of title A Treasury of Writings /
Statement of responsibility, etc. Dumitru Duduman,
260 ## - PUBLICATION, DISTRIBUTION, ETC.
Place of publication, distribution, etc. Dallas:
Name of publisher, distributor, etc. Hand of Help,
Date of publication, distribution, etc. 2000
300 ## - PHYSICAL DESCRIPTION
Extent 144 p.;
Other physical details ill.,
Dimensions 21 cm.
650 ## - SUBJECT ADDED ENTRY--TOPICAL TERM
Topical term or geographic name entry element Duduman, Dumitra, 1932 - 1997
9 (RLIN) 11447
650 ## - SUBJECT ADDED ENTRY--TOPICAL TERM
Topical term or geographic name entry element Boldea, Michael, Tr.
9 (RLIN) 11448
942 ## - ADDED ENTRY ELEMENTS (KOHA)
Source of classification or shelving scheme Dewey Decimal Classification
Koha item type Books
Koha issues (borrowed), all copies 1
Holdings
Withdrawn status Lost status Source of classification or shelving scheme Damaged status Not for loan Home library Current Library Shelving location Date acquired Total checkouts Full call number Barcode Date last seen Date last checked out Copy number Price effective from Koha item type
    Dewey Decimal Classification     GRACE BIBLE COLLEGE GRACE BIBLE COLLEGE General Studies 2017-12-20 1 920 DUD 008870 2025-05-01 2023-08-25 c.1 2017-12-20 Books
© Grace Bible College Library 2025